000 00300nam a22001097a 4500
008 160613b xxu||||| |||| 00| 0 eng d
020 _a0766807908
041 _aeng
080 _a618.2
245 _aProfessional practice of nursing administration:
_cLillian M. Simms; Sylvia A. Price;
942 _2udc
_cBK
999 _c2487
_d2487